000 00581nam a2200229Ia 4500
003 OSt
005 20220918174218.0
006 a|||||r|||| 00| 0
007 ta
008 220917b |||||||| |||| 00| 0 eng d
024 _a11,121
037 _cTextual
040 _aARTS
_cARTS
_beng
041 _2eng
_aeng
082 _aM2v2:N5, K2 (TTV)
100 _aNatarajan S.
_946669
245 0 _aHistory of the press in India
260 _c1962
650 _aINDUSTRIAL ARTS
942 _hM2v2:N5, K2 (TTV)
_cTEXL
_2CC
999 _c152239
_d152239